[Event "AUS-ch Major"]
[Site "Cammeray"]
[Date "2018.01.06"]
[Round "6"]
[White "Canfell, Mike J"]
[Black "Cunningham, Campbell"]
[Result "1-0"]
[WhiteElo "1844"]
[BlackElo "1430"]
[PlyCount "67"]
[EventDate "2018.01.02"]
[EventType "swiss"]
[EventRounds "11"]
[EventCountry "AUS"]
[SourceTitle "CBM 182 Extra"]
[Source "ChessBase"]
[SourceDate "2018.02.23"]
[SourceVersion "1"]
[SourceVersionDate "2018.02.23"]
[SourceQuality "1"]

1. e4 d6 2. d4 Nf6 3. Nc3 g6 4. Be3 c6 5. f3 Nbd7 6. Qd2 b5 7. Nh3 Bg7 8. Nf2 b4 9. Ne2 a5 10. c4 c5 11. g3 Qc7 12. d5 Ne5 13. Ng1 Ba6 14. Rc1 a4 15. Be2 0-0 16. f4 Ned7 17. Nf3 a3 18. b3 Nh5 19. 0-0 Rae8 20. Rcd1 Bc8 21. Qd3 Nhf6 22. Rfe1 h5 23. Bf1 Nh7 24. Bg2 f6 25. e5 f5 26. e6 Ndf6 27. Nh4 Ng4 28. Nxg4 hxg4 29. Nxg6 Rf6 30. Nh4 Ref8 31. h3 Kh8 32. hxg4 fxg4 33. Be4 Rh6 34. Ng6+ 1-0

[Event "AUS-ch Major"]
[Site "Cammeray"]
[Date "2018.01.03"]
[Round "3"]
[White "Esposito, David"]
[Black "Cunningham, Campbell"]
[Result "0-1"]
[WhiteElo "1556"]
[BlackElo "1430"]
[PlyCount "106"]
[EventDate "2018.01.02"]
[EventType "swiss"]
[EventRounds "11"]
[EventCountry "AUS"]
[SourceTitle "CBM 182 Extra"]
[Source "ChessBase"]
[SourceDate "2018.02.23"]
[SourceVersion "1"]
[SourceVersionDate "2018.02.23"]
[SourceQuality "1"]

1. e4 d6 2. d4 Nf6 3. Nc3 g6 4. Be3 Bg7 5. f3 Nbd7 6. Qd2 e5 7. 0-0-0 0-0 8. dxe5 Nxe5 9. Bh6 Be6 10. Bxg7 Kxg7 11. Nd5 Nxd5 12. exd5 Bd7 13. h4 h6 14. Nh3 Bxh3 15. Rxh3 f5 16. Be2 g5 17. Qd4 Qf6 18. Rdh1 Rh8 19. Rf1 b6 20. c3 Rae8 21. Bb5 Re7 22. Kc2 f4 23. h5 Qf5+ 24. Kb3 Kf7 25. g4 Qc8 26. Rh2 a6 27. Bd3 Nxd3 28. Qxd3 Rg8 29. Qh7+ Rg7 30. Qxh6 Qg8 31. Rff2 Rh7 32. Qg6+ Qxg6 33. hxg6+ Kxg6 34. Rxh7 Rxh7 35. Kc4 Re7 36. a4 Re3 37. Kb3 Kf6 38. Kb4 Ke5 39. c4 Kd4 40. Rh2 Rxf3 41. Rh7 Rg3 42. Rxc7 f3 43. Rf7 Ke3 44. a5 bxa5+ 45. Kxa5 Rxg4 46. c5 dxc5 47. d6 Rd4 48. d7 g4 49. Kb6 g3 50. Kxc5 g2 51. Rxf3+ Kxf3 52. Kxd4 g1Q+ 53. Kd5 Qg8+ 0-1

[Event "ACT-ch"]
[Site "Canberra"]
[Date "2015.03.07"]
[Round "3"]
[White "Hathiramani, Dillon"]
[Black "Cunningham, Campbell"]
[Result "1-0"]
[WhiteElo "1791"]
[BlackElo "1124"]
[PlyCount "51"]
[EventDate "2015.03.06"]
[EventType "swiss"]
[EventRounds "7"]
[EventCountry "AUS"]
[SourceTitle "CBM 165 Extra"]
[Source "ChessBase"]
[SourceDate "2015.04.21"]
[SourceVersion "1"]
[SourceVersionDate "2015.04.21"]
[SourceQuality "1"]

1. e4 d6 2. d4 Nf6 3. Nc3 g6 4. Bc4 Bg7 5. Qe2 0-0 6. Bg5 c5 7. dxc5 dxc5 8. e5 Ne8 9. Nd5 Nc6 10. Rd1 Bd7 11. Nxe7+ Nxe7 12. e6 Nf6 13. Bxf6 Bxf6 14. Rxd7 Qa5+ 15. c3 Bxc3+ 16. bxc3 Qxc3+ 17. Kf1 f5 18. Nf3 Rfe8 19. g3 Rad8 20. Kg2 Kf8 21. Rhd1 Qa5 22. Rxd8 Rxd8 23. Rxd8+ Qxd8 24. Qe5 Kg8 25. Qxc5 Nc6 26. e7+ 1-0

[Event "ACT-ch"]
[Site "Canberra"]
[Date "2014.03.22"]
[Round "2"]
[White "Rumley, William"]
[Black "Cunningham, Campbell"]
[Result "0-1"]
[WhiteElo "351"]
[BlackElo "1081"]
[PlyCount "100"]
[EventDate "2014.03.21"]
[EventType "swiss"]
[EventRounds "9"]
[EventCountry "AUS"]
[SourceTitle "CBM 159 Extra"]
[Source "ChessBase"]
[SourceDate "2014.04.24"]
[SourceVersion "1"]
[SourceVersionDate "2014.04.24"]
[SourceQuality "1"]

1. e4 e5 2. Nf3 Nc6 3. Bc4 Bc5 4. c3 Nf6 5. d4 exd4 6. cxd4 Bb4+ 7. Bd2 Bxd2+ 8. Nbxd2 d6 9. d5 Ne5 10. Nxe5 dxe5 11. Bb5+ Bd7 12. Bxd7+ Qxd7 13. Nb1 Nxe4 14. Nc3 Nf6 15. Qa4 Qxa4 16. Nxa4 Nxd5 17. 0-0-0 0-0-0 18. Nc3 Nxc3 19. Rxd8+ Rxd8 20. bxc3 b5 21. Rd1 Rxd1+ 22. Kxd1 c5 23. Ke2 Kc7 24. Ke3 Kd6 25. f4 exf4+ 26. Kxf4 Kd5 27. Ke3 Ke5 28. h3 h5 29. h4 a5 30. Kd2 Kf4 31. Kd3 f5 32. c4 b4 33. Kc2 Kg3 34. Kb3 Kxg2 35. Ka4 f4 36. Kxa5 f3 37. Kb5 f2 38. Kxc5 f1Q 39. Kxb4 Qb1+ 40. Ka3 Qb6 41. Ka4 Kg3 42. c5 Qxc5 43. Kb3 Kxh4 44. Ka4 g5 45. Kb3 g4 46. Ka4 g3 47. Kb3 g2 48. Ka4 g1Q 49. Kb3 Qb1+ 50. Ka4 Qbb4# 0-1

[Event "AUS-ch Minor"]
[Site "Cammeray"]
[Date "2013.01.11"]
[Round "9"]
[White "Cunningham, Campbell"]
[Black "Fernandez, Nick"]
[Result "1/2-1/2"]
[WhiteElo "1126"]
[BlackElo "1276"]
[PlyCount "60"]
[EventDate "2013.01.02"]
[EventType "swiss"]
[EventRounds "11"]
[EventCountry "AUS"]
[SourceTitle "EXT 2022"]
[Source "ChessBase"]
[SourceDate "2021.10.06"]
[SourceVersion "1"]
[SourceVersionDate "2021.10.06"]
[SourceQuality "1"]

1. e4 e6 2. d4 d5 3. Nc3 Be7 4. Nf3 Nf6 5. Bd3 c5 6. e5 Nfd7 7. Be3 a6 8. a4 Nc6 9. Be2 Qb6 10. b3 f6 11. dxc5 Bxc5 12. exf6 Nxf6 13. Bxc5 Qxc5 14. Qd2 Bd7 15. 0-0 0-0-0 16. Rfe1 e5 17. Ng5 Rhf8 18. Nd1 e4 19. c3 Qb6 20. b4 Ne5 21. Qd4 Qxd4 22. cxd4 Ng6 23. Rc1+ Kb8 24. b5 axb5 25. axb5 h6 26. Nh3 Bxh3 27. gxh3 Nf4 28. Nc3 g5 29. Bf1 Rg8 30. Ne2 Rc8 1/2-1/2